000
00310nam a22001337a 4500
082
_a
823
_b
ORC/S
100
_a
ORCZY, BARONESS
245
_a
THE SCARLET PIMPERNEL
260
_a
NEW DELHI
_b
VIKAS PUBLISHING HOUSE PVT. LTD
_c
1988
300
_a
134
520
_a
SHORT STORY
650
_a
SHORT STORY
942
_c
BK
999
_c
4001
_d
4001